Hauptstädte der bayrischen Regierungsbezirke - Statistiken

Allgemein
  • Dieses Quiz wurde 219 mal gespielt
  • Das Durchschnittsergebnis liegt bei 6 aus 7
Antwortstatistiken
Regierungsbezirk Hauptstadt % Korrekt
Oberbayern München
99%
Oberpfalz Regensburg
92%
Schwaben Augsburg
90%
Unterfranken Würzburg
82%
Oberfranken Bayreuth
74%
Niederbayern Landshut
74%
Mittelfranken Ansbach
62%
Keine übereinstimmenden Quizze gefunden
Verteilung der Resultate
Anzahl Personen mit jedem Resultat
Perzentil nach korrekt beantworteten Fragen
Ihre Resultats-Entwicklung
Sie haben dieses Quiz noch nicht gespielt